| 000 | 00994 a2200205 4500 | ||
|---|---|---|---|
| 001 | 54542 | ||
| 005 | 20260407155819.0 | ||
| 008 | 260407a1959 arg spa d | ||
| 003 | AR-UNSa-BCEJYS | ||
| 040 |
_aAR-UNSa-BCEJYS _bspa _cAR-UNSa-BCEJYS |
||
| 080 |
_a330(73) _xEconomía de los Estados Unidos |
||
| 245 | 1 | 0 | _aEl sistema americano de negocios |
| 264 | 1 |
_aBuenos Aires : _bÁgora _c1959 |
|
| 300 |
_a234 p. _c20 cm. |
||
| 505 | _aPrimera parte (1900-1930) - 1. Los negocios como institución noorteamericana - 2. Fundamentos del cambio mercantil - 3. Pautas del capital y de la industria - 4. La implicación de los grandes negocios - 5. La era de los banqueros - Segunda parte (1930-1955) - 6. Paralización y auge en los negocios - 7. Nuevo ambiente mercantil - 8. Los negocios y el público - 9. Los hombres de negocios norteamericanos - 10. Cambio cultural y desafío | ||
| 041 | _aspa | ||
| 942 | _cBK | ||
| 590 | _aniveau_biblio:m niveau_hierar:0 | ||
| 100 | 1 | _aCochran, Thomas C. | |
| 999 |
_c5622 _d5622 |
||